Statistiques concernant Les 50... Espèces de Poissons

Cliquez ici pour prendre le quiz!

Statistiques générales

  • Ce quiz a été pris 220 fois
  • Le résultat moyen est 17 sur 50

Statistiques - réponses

Réponse% Correct
Anguille
96%
Espadon
90%
Sardine
89%
Raie
88%
Thon
88%
Saumon
84%
Truite Arc-en-ciel
76%
Bar commun
75%
Maquereau
72%
Rouget Barbet
61%
Carpe
57%
Cabillaud
53%
Baudroie
52%
Dorade Royal
48%
Merlu
39%
Rascasse
39%
Roussette
38%
Lieu Jaune
35%
Anchois
33%
Congre
31%
Mulet
29%
Saint-Pierre
29%
Turbot
29%
Carrelet
28%
Merlan
26%
Perroquet
25%
Hareng
24%
Lieu Noir
23%
Eperlan
22%
Orphie
21%
Vive
21%
Chinchard
20%
Perche du Nil
19%
Vieille
19%
Bonite
17%
Griset
15%
Dorade Coryphene
14%
Pagre
11%
Tacaud
11%
Eglefin
10%
Seriole
9%
Sabre Argenté
8%
Sole Commune
8%
Lingue
6%
Maigre
6%
Pageot
6%
Vivaneau
6%
Barbue
5%
Grondin Perlon
3%
Tilapiat
0%

Distribution des résultats

Percentile par nombre de réponses

% des personnes avec chaque résultat

Votre développement - résultats

Vous n’avez pas pris ce quiz